000
00303nam a2200133Ia 4500
008
221030s9999 xx 000 0 und d
041
_a
English
082
_a
105.23
100
_a
P. G. Wodehouse
245
4
_a
The Clicking of Culhbert
_c
by P. G. Wodehouse
260
_c
0
650
_a
B
942
_c
BK
999
_c
12717
_d
12717